00525nam a2200181 a 45000010010000000030011000100080041000210350026000620820017000881000018001052450033001232600040001566500010001969420012002069520090002189980020003089990015003280000-9278ELIB.Books110520 1976  a(ELIB.Books)0000-9430 a220.66 bPat aPatte, Daniel aWhat is Structural Exegesis? bPhiladelphia; Fortress Press c1976 aBible 2ddccBK 00102ddc4070aKBTSbKBTSd2011-05-20l0p3329r2022-01-22 00:00:00w2022-01-22yBK cbate2011-05-20 c9278d9278